Top 50 Filme bei IMDb - Statistiken

Allgemein
  • Dieses Quiz wurde 1.193 mal gespielt
  • Das Durchschnittsergebnis liegt bei 15 aus 50
Antwortstatistiken
Rang Antwort Startjahr Bewertung % Korrekt
2 Der Pate 1972 9,1
77%
3 Der Pate 2 1974 9,0
77%
15 Das Imperium schlägt zurück 1980 8,7
72%
25 Krieg der Sterne 1977 8,6
72%
10 Der Herr der Ringe: Die Gefährten 2001 8,8
70%
7 Der Herr der Ringe: Die Rückkehr des Königs 2003 8,9
70%
14 Der Herr der Ringe: Die zwei Türme 2002 8,7
70%
4 The Dark Knight 2008 9,0
68%
1 Die Verurteilten 1994 9,2
61%
13 Inception 2010 8,7
56%
8 Pulp Fiction 1994 8,8
53%
12 Forrest Gump 1994 8,8
52%
29 Interstellar 2014 8,5
47%
6 Schindlers Liste 1993 8,9
45%
11 Fight Club 1999 8,8
43%
16 Matrix 1999 8,6
33%
34 Der König der Löwen 1994 8,5
32%
20 Sieben 1995 8,6
31%
49 Casablanca 1942 8,4
29%
23 Das Schweigen der Lämmer 1991 8,6
29%
17 GoodFellas - Drei Jahrzehnte in der Mafia 1990 8,6
28%
30 Parasite 2019 8,5
27%
27 The Green Mile 1999 8,5
27%
40 Gladiator 2000 8,5
26%
41 Psycho 1960 8,5
25%
37 Terminator 2: Tag der Abrechnung 1991 8,5
24%
36 Zurück in die Zukunft 1985 8,5
24%
26 Der Soldat James Ryan 1998 8,6
23%
5 Die zwölf Geschworenen 1957 8,9
23%
9 Zwei glorreiche Halunken 1966 8,8
19%
18 Einer flog über das Kuckucksnest 1975 8,6
18%
42 Departed - Unter Feinden 2006 8,5
17%
19 Die sieben Samurai 1954 8,6
17%
48 Spiel mir das Lied vom Tod 1968 8,4
16%
21 Das Leben ist schön 1997 8,6
13%
31 Léon: Der Profi 1994 8,5
13%
28 Chihiros Reise ins Zauberland 2001 8,5
12%
35 Der Pianist 2002 8,5
12%
33 Die üblichen Verdächtigen 1995 8,5
12%
24 Ist das Leben nicht schön? 1946 8,6
12%
47 Prestige: Die Meister der Magie 2006 8,5
11%
44 Ziemlich beste Freunde 2011 8,5
10%
38 American History X 1998 8,5
9%
22 City of God 2002 8,6
9%
45 Whiplash 2014 8,5
9%
32 Harakiri 1962 8,5
6%
39 Moderne Zeiten 1936 8,5
6%
43 Lichter der Großstadt - Eine Komödien-Romance als Pantomime 1931 8,5
5%
50 Cinema Paradiso 1988 8,4
4%
46 Die letzten Glühwürmchen 1988 8,5
4%
Keine übereinstimmenden Quizze gefunden
Verteilung der Resultate
Anzahl Personen mit jedem Resultat
Perzentil nach korrekt beantworteten Fragen
Ihre Resultats-Entwicklung
Sie haben dieses Quiz noch nicht gespielt